| 000 | 00804nam a22002297a 4500 | ||
|---|---|---|---|
| 999 |
_c20157 _d20157 |
||
| 003 | AR-CdUCM | ||
| 008 | 190527b ||||| |||| 00| 0 spa d | ||
| 040 |
_aMUNICIPALIDAD PROVINCIAL DEL CUSCO _cBIBLIOTECA MUNICIPAL DEL CUSCO |
||
| 082 |
_a891.73 / _bB44 |
||
| 100 |
_aBezsonov, Youri _942149 |
||
| 245 | _aMis veintiséis prisioneros y mi evasión de Solovki / | ||
| 260 |
_aMadrid : _bMundo Latino, _c1929. |
||
| 300 |
_a338 páginas _c19 cm. |
||
| 505 | _aContenido: Los últimos días de libertad -- Mis primeras prisiones -- El primer interrogatorio... | ||
| 650 |
_aRusia _9499 |
||
| 650 |
_aHistoria _9136 |
||
| 650 |
_aRelatos personales _93361 |
||
| 650 |
_aRevolución, 1917-21 _942150 |
||
| 700 |
_aBarriobero y Herrán (traducción) _942151 |
||
| 942 |
_2ddc _cLIBROS |
||
| 945 | _aJavier | ||